<?xml version="1.0" encoding="UTF-8"?>
<record
    xmlns:xsi="http://www.w3.org/2001/XMLSchema-instance"
    xsi:schemaLocation="http://www.loc.gov/MARC21/slim http://www.loc.gov/standards/marcxml/schema/MARC21slim.xsd"
    xmlns="http://www.loc.gov/MARC21/slim">

  <leader>01130nam a2200289Ia 4500</leader>
  <controlfield tag="001">C5220</controlfield>
  <controlfield tag="003">IT-RoPAU</controlfield>
  <controlfield tag="008">130308s9999    xx            000 0 und d</controlfield>
  <datafield tag="040" ind1=" " ind2=" ">
    <subfield code="a">IT-RoPAU</subfield>
  </datafield>
  <datafield tag="040" ind1=" " ind2=" ">
    <subfield code="c">IT-RoPAU</subfield>
  </datafield>
  <datafield tag="041" ind1=" " ind2=" ">
    <subfield code="a">FRANCESE</subfield>
  </datafield>
  <datafield tag="100" ind1=" " ind2=" ">
    <subfield code="a">Junod Eric</subfield>
  </datafield>
  <datafield tag="100" ind1=" " ind2=" ">
    <subfield code="g">Codice Aut. SPICS: 41356</subfield>
  </datafield>
  <datafield tag="245" ind1=" " ind2=" ">
    <subfield code="a">En quoi les homelies d'Origene se distinguent-Elles de ses commentaires?</subfield>
  </datafield>
  <datafield tag="245" ind1=" " ind2=" ">
    <subfield code="b">Defi Homiletique (Le). L'Exegese Au Service de la Predication</subfield>
  </datafield>
  <datafield tag="250" ind1=" " ind2=" ">
    <subfield code="a">1a ed.</subfield>
  </datafield>
  <datafield tag="260" ind1=" " ind2=" ">
    <subfield code="a">GENEVE</subfield>
  </datafield>
  <datafield tag="260" ind1=" " ind2=" ">
    <subfield code="b">Labor Et Fides</subfield>
  </datafield>
  <datafield tag="260" ind1=" " ind2=" ">
    <subfield code="c">1994 [1&#xB0; Ed.:1994 - Ed.Ling.Originale:1994]</subfield>
  </datafield>
  <datafield tag="300" ind1=" " ind2=" ">
    <subfield code="a">"34 p. (prefazione: no ; testo: 34 [pagine: 137-170])"</subfield>
  </datafield>
  <datafield tag="500" ind1=" " ind2=" ">
    <subfield code="a">In che Cosa le Omelie di Origene si Distinguono Dai Suoi Commentari? Note Sui commentari e Note Generali Sulle Omelie. Struttura del Discorso Omiletico. Omelie Propongono una Esposizione Selettiva del testo  Scritturistico per L'Edificazione della Comunit&#xE0; Ecclesiale. Omelia presenta un insegnamento utile a Tutti.</subfield>
  </datafield>
  <datafield tag="650" ind1=" " ind2=" ">
    <subfield code="a">TEORIA PASTORALE</subfield>
  </datafield>
  <datafield tag="650" ind1=" " ind2=" ">
    <subfield code="e">Codice materia Spics: 9301</subfield>
  </datafield>
  <datafield tag="942" ind1=" " ind2=" ">
    <subfield code="c">BK</subfield>
  </datafield>
  <datafield tag="957" ind1=" " ind2=" ">
    <subfield code="7">1</subfield>
  </datafield>
  <datafield tag="999" ind1=" " ind2=" ">
    <subfield code="c">87005</subfield>
    <subfield code="d">87005</subfield>
  </datafield>
  <datafield tag="999" ind1=" " ind2=" ">
    <subfield code="g">1</subfield>
  </datafield>
  <datafield tag="952" ind1=" " ind2=" ">
    <subfield code="0">0</subfield>
    <subfield code="1">0</subfield>
    <subfield code="4">0</subfield>
    <subfield code="6">C_000000000000000_5220</subfield>
    <subfield code="7">1</subfield>
    <subfield code="a">SPICS</subfield>
    <subfield code="b">SPICS</subfield>
    <subfield code="d">2013-03-08</subfield>
    <subfield code="l">0</subfield>
    <subfield code="o">C5220</subfield>
    <subfield code="r">2013-03-08 00:00:00</subfield>
    <subfield code="w">2013-03-08</subfield>
    <subfield code="y">BK</subfield>
    <subfield code="z">Progressivo inserimento:  58636 /  N. Volumi: 0 [=Contributo] Copie: 1  / data import: 1 marzo 2013 - By Epidotti, Trombetti, Vaglietti. </subfield>
  </datafield>
</record>
